• 首页
  • 本馆介绍
  • 公告通知
  • 最新文献
  • 馆藏检索
  • 电子资源
  • 读者导购
  • 参考咨询
  • 我的图书馆
  • 登录
  • 详细信息显示
  • 放入我的书架
  • 预约/预借图书
  • 作者相关作品
  • 分类相关作品
  • 丛书相关作品
  • 出版社相关作品

书目信息

  • 表格格式
  • 工作单格式
  • 卡片格式
题名:
管理经济学
    
 
作者: 高汝熹 , 顾国章 编著
分册:  
出版信息: 北京   北京师范大学出版社  2017.05
页数: 411页
开本: 23cm
丛书名:
单 册:
中图分类: F270 , C93-05
科图分类:
主题词: 管理经济学--高等学校--教材 , 管理学
电子资源:
ISBN: 978-7-303-22150-9
000 00990nam0 2200289 450
001 1249
005 20180929082907.95
010    @a978-7-303-22150-9@dCNY48.00
100    @a20180217d2017 em y0chiy50 ea
101 0  @achi
102    @aCN@b110000
105    @ay z 000yy
200 1  @a管理经济学@9guan li jing ji xue@dManagerial economics@f高汝熹,顾国章编著@zeng
205    @a2版
210    @a北京@c北京师范大学出版社@d2017.05
215    @a411页@d23cm
300    @a新世纪高等学校规划教材·经济管理基础课系列
330    @a本书共十四章,内容包括:导论、企业理论、消费者行为和市场需求、需求弹性分析、生产技术与企业投入决策、企业成本分析、完全竞争市场分析、垄断市场分析等。
510 1  @aManagerial economics@zeng
606 0  @a管理经济学@x高等学校@j教材
606 0  @a管理学
690    @aF270@v5
690    @aC93-05@v4
701  0 @a高汝熹@9gao ru xi@f(1941-)@4编著
701  0 @a顾国章@9gu guo zhang@4编著
801  0 @aCN@b91MARC@c20180217
905    @aMuseLib@dC93-05@e786=2
    
    管理经济学=Managerial economics/高汝熹,顾国章编著.-2版.-北京:北京师范大学出版社,2017.05
    411页;23cm
    新世纪高等学校规划教材·经济管理基础课系列
    
    ISBN 978-7-303-22150-9:CNY48.00
    本书共十四章,内容包括:导论、企业理论、消费者行为和市场需求、需求弹性分析、生产技术与企业投入决策、企业成本分析、完全竞争市场分析、垄断市场分析等。
●
相关链接 在E读中查询图书 在五车中查询图书 在当当中查询图书 在豆瓣中查询图书


正题名:管理经济学     索取号:C93-05/786=2         预约/预借

序号 登录号 条形码 馆藏地/架位号 状态 备注
1 1121894   211218948   第一样本阅览室/ [索取号:C93-05/786=2] 在馆    
2 1121895   211218957   第一借阅区/ [索取号:C93-05/786=2] 在馆    
3 1121896   211218966   第一借阅区/ [索取号:C93-05/786=2] 在馆    
4 1121897   211218975   第一借阅区/ [索取号:C93-05/786=2] 在馆    
5 1121898   211218984   密集书库-数信学院/ [索取号:C93-05/786=2] 在馆    
唐山师范学院图书馆 欢迎您!
大连网信软件有限公司© 版权所有